HEAT AND DUST (Record no. 371427)

MARC details
000 -LEADER
fixed length control field 00476nam a2200181Ia 4500
008 - FIXED-LENGTH DATA ELEMENTS--GENERAL INFORMATION
fixed length control field 100122s9999 xx 000 0 und d
082 ## - DEWEY DECIMAL CLASSIFICATION NUMBER
Item number 36392
Classification number 823
100 ## - MAIN ENTRY--PERSONAL NAME
Personal name JHABVALA R P
245 ## - TITLE STATEMENT
Title HEAT AND DUST
250 ## - EDITION STATEMENT
Edition statement 0
260 ## - PUBLICATION, DISTRIBUTION, ETC. (IMPRINT)
Name of publisher, distributor, etc FUTURA PUBLICATION LTD
Date of publication, distribution, etc 1983
300 ## - PHYSICAL DESCRIPTION
Extent 181
520 ## - SUMMARY, ETC.
Summary, etc माळयावर गठ्ठा - 3
620 ## -
-- माळयावर गठ्ठा - 3
630 ## - SUBJECT ADDED ENTRY--UNIFORM TITLE
Uniform title HEAT AND DUST
730 ## - ADDED ENTRY--UNIFORM TITLE
Uniform title HEAT AND DUST
942 ## - ADDED ENTRY ELEMENTS (KOHA)
Koha item type Book
Holdings
Withdrawn status Lost status Damaged status Not for loan Home library Current library Shelving location Date acquired Cost, normal purchase price Total Checkouts Full call number Barcode Date last seen Cost, replacement price Price effective from Koha item type Public note
        S.V. Pathak Library, Vile Parle S.V. Pathak Library, Vile Parle   02/14/1984 26.00   36392 SVPPARLE-36392 01/25/2010 26.00 01/25/2010 Book "कॅरीबॅग 3, , , NA"